000 00425nam a22001457a 4500
003 SGT
082 _a617.84
_bE25M
100 _aMANGLA, AARUSHI
245 _aEFFECT OF SENSORIMOTOR TRAINING ALONG WITH TENS IN ALLEVATING PAIN AND IMPROVING FUNCTION IN STROKE SURVIVORS WITH SHOULDER HAND SYNDROME
260 _aGURUGRAM
_bSGT UNIVERSITY
_c2025
300 _a138
650 _aNEUROLOGY
653 _aMPT
942 _2ddc
_cTH
999 _c32585
_d32585